<?xml version="1.0" encoding="UTF-8"?>
<record
    xmlns:xsi="http://www.w3.org/2001/XMLSchema-instance"
    xsi:schemaLocation="http://www.loc.gov/MARC21/slim http://www.loc.gov/standards/marcxml/schema/MARC21slim.xsd"
    xmlns="http://www.loc.gov/MARC21/slim">

  <leader>00530nam a2200181Ia 4500</leader>
  <controlfield tag="008">230718s9999    xx            000 0 und d</controlfield>
  <datafield tag="020" ind1=" " ind2=" ">
    <subfield code="a">9781441964410</subfield>
  </datafield>
  <datafield tag="041" ind1=" " ind2=" ">
    <subfield code="a">eng</subfield>
  </datafield>
  <datafield tag="082" ind1=" " ind2=" ">
    <subfield code="a">535.5'8</subfield>
    <subfield code="b">THY</subfield>
  </datafield>
  <datafield tag="100" ind1=" " ind2=" ">
    <subfield code="a">Thyagarajan K.</subfield>
    <subfield code="9">150364</subfield>
  </datafield>
  <datafield tag="245" ind1=" " ind2=" ">
    <subfield code="a">Lasers</subfield>
    <subfield code="b">Fundamentals And Applications </subfield>
  </datafield>
  <datafield tag="250" ind1=" " ind2=" ">
    <subfield code="a">2nd ed.</subfield>
  </datafield>
  <datafield tag="260" ind1=" " ind2=" ">
    <subfield code="c">2010</subfield>
    <subfield code="b">Springer</subfield>
  </datafield>
  <datafield tag="300" ind1=" " ind2=" ">
    <subfield code="a">650</subfield>
    <subfield code="d">Ref 1308 E ME (38632)</subfield>
  </datafield>
  <datafield tag="365" ind1=" " ind2=" ">
    <subfield code="c">Rs.</subfield>
    <subfield code="b">5757.00</subfield>
  </datafield>
  <datafield tag="700" ind1=" " ind2=" ">
    <subfield code="a">Thyagarajan K. &amp; Ghatak A.</subfield>
    <subfield code="9">191869</subfield>
  </datafield>
  <datafield tag="906" ind1=" " ind2=" ">
    <subfield code="d">O:0161011-Mar-2011B:703103-Feb-2011</subfield>
    <subfield code="c">ME ETC</subfield>
    <subfield code="b">1439.25</subfield>
  </datafield>
  <datafield tag="999" ind1=" " ind2=" ">
    <subfield code="c">327425</subfield>
    <subfield code="d">327425</subfield>
  </datafield>
  <datafield tag="952" ind1=" " ind2=" ">
    <subfield code="0">0</subfield>
    <subfield code="1">0</subfield>
    <subfield code="2">ddc</subfield>
    <subfield code="3">Ref 1308 E M. Tech. (38632)</subfield>
    <subfield code="4">0</subfield>
    <subfield code="7">3</subfield>
    <subfield code="a">CCEP</subfield>
    <subfield code="b">CCEP</subfield>
    <subfield code="d">2011-03-11</subfield>
    <subfield code="e">Tbs</subfield>
    <subfield code="f">ME ETC</subfield>
    <subfield code="g">4317.75</subfield>
    <subfield code="i">7031</subfield>
    <subfield code="o">535.5'8</subfield>
    <subfield code="p">CCEP-BK-38632</subfield>
    <subfield code="r">2023-07-18 00:00:00</subfield>
    <subfield code="t">1439.25</subfield>
    <subfield code="v">5757.00</subfield>
    <subfield code="w">2011-02-03</subfield>
    <subfield code="y">BK</subfield>
    <subfield code="z">038632</subfield>
  </datafield>
</record>
